| 000 | 00865nac a22002531u 4500 | ||
|---|---|---|---|
| 010 | _a 97029314 | ||
| 020 | _a3540761934 (pbk. : alk. paper) | ||
| 082 | 0 | 0 |
_a629.8312 _bDUG |
| 090 |
_c7639 _d7639 |
||
| 100 | _a20080729 | ||
| 245 | 0 | 0 |
_aStability and control of time-delay systems / _cL. Dugard and E.I. Verriest (eds.). |
| 260 |
_aLondon ; _aNew York : _bSpringer,1998 _cc1998. |
||
| 300 |
_axx, 317 p. : _bill. ; _c24 cm. |
||
| 440 | 0 |
_aLecture notes in control and information sciences ; _v228 |
|
| 500 | _adistributer: Al-Ahram | ||
| 504 | _aIncludes bibliographical references. | ||
| 511 | _acatalogued by: wessam | ||
| 650 | 0 | _aControl theory. | |
| 650 | 0 | _aTime delay systems. | |
| 650 | 0 | _aStability. | |
| 700 | 1 | _aDugard, L. | |
| 700 | 1 |
_aVerriest, Erik I., _d1950- |
|
| 942 |
_cBB _k629.8312DUG |
||
| 999 |
_c7639 _d7639 |
||